Ελληνικό γενικό λογιστικό σχέδιο
Αποθηκεύτηκε σε:
| Συλλογικό Έργο: | , |
|---|---|
| Μορφή: | Βιβλίο |
| Γλώσσα: | Greek |
| Δημοσίευση: |
Αθήνα :
ΕΛΚΕΠΑ,
1987.
|
| Έκδοση: | 2η έκδ. |
| Θέματα: | |
| Ετικέτες: |
Προσθήκη ετικέτας
Δεν υπάρχουν, Καταχωρήστε ετικέτα πρώτοι!
|
MARC
| LEADER | 00000cam a2200000 i 4500 | ||
|---|---|---|---|
| 001 | 1/43650 | ||
| 008 | 960221s1987 gr | ||| |||| ||gre|| | ||
| 035 | |l 10025822 | ||
| 040 | |a GR-MyUA |b gre |e AACR2 | ||
| 041 | 0 | |a gre | |
| 082 | 0 | |a 657.09495 | |
| 245 | 1 | 0 | |a Ελληνικό γενικό λογιστικό σχέδιο / |c Υπουργεία Εθνικής οικονομίας - Οικονομικών - Εμπορίου. |
| 250 | |a 2η έκδ. | ||
| 260 | |a Αθήνα : |b ΕΛΚΕΠΑ, |c 1987. | ||
| 300 | |a 802 σ. : |b εικ. ; |c 26 εκ. | ||
| 650 | 0 | 0 | |a Accounting |x Handbooks, manuals, etc. |
| 710 | 1 | |a Ελλάς |b Υπουργείο Εθνικής Οικονομίας. | |
| 710 | 1 | |a Ελλάς |b Υπουργείο Εμπορίου. | |
| 852 | |a INST |b CHIOS |e 19960509 |h 657.09495 ΕΛΛ |p 005200000110 |q 005200000110 |t BK |y 0 | ||
| 852 | |a INST |b CHIOS |e 19960509 |h 657.09495 ΕΛΛ |p 005200000111 |q 005200000111 |t BK |y 0 | ||
| 852 | |a INST |b CHIOS |e 19960221 |h 657.09495 ΕΛΛ |p 005200000917 |q 005200000917 |t BK |y 0 | ||
| 852 | |a INST |b CHIOS |e 19960614 |h 657.09495 ΕΛΛ |p 005200007886 |q 005200007886 |t BK |y 0 | ||
| 852 | |a INST |b CHIOS |e 19960828 |h 657.09495 ΕΛΛ |p 005200009103 |q 005200009103 |t BK |y 0 | ||
| 852 | |a INST |b CHIOS |e 19990304 |h 657.09495 ΕΛΛ |p 005200014691 |q 005200014691 |t BK |y 0 | ||
| 852 | |a INST |b CHIOS |e 20000223 |h 657.09495 ΕΛΛ |p 005200018524 |q 005200018524 |t BK |y 0 | ||
| 852 | |a INST |b LESVOS |e 19990528 |h 657.09495 ΕΛΛ |p 005100016208 |q 005100016208 |t BK |y 0 | ||
| 852 | |a INST |b RHODES |e 20010329 |h 657.09495 ΕΛΛ |p 005400017021 |q 005400017021 |t BK |y 0 | ||
| 852 | |a INST |b SAMOS |e 19990120 |h 657.09495 ΕΛΛ |p 005300013533 |q 005300013533 |t BK |y 0 | ||
| 909 | |a Χ |b 042567 | ||
| 909 | |a Χ |b 013604 | ||
| 909 | |a Χ |b 045479 | ||
| 909 | |a Χ |b 045478 | ||
| 909 | |a Χ |b 055493 | ||
| 909 | |a Σ |b 023704 | ||
| 909 | |a Λ |b 063642 | ||
| 909 | |a Χ |b 074558 | ||
| 909 | |a Ρ |b 084995 | ||
| 922 | |a 2ΔΩΡ |b 199903 |d ΛΕΜΟΝΙΑ | ||
| 922 | |a 1ΔΩΡ |b 199902 |c ΕΛΚΕΠΑ | ||
| 922 | |a 3ΔΩΡ |b 200103 |c ΔΩΡΕΑ | ||